00343nam a2200121Ia 4500008004100000024001500041082001700056100002200073245004200095260002500137600002100162650003800183250506s9999 xx 000 0 und d a008-006-BS a004.1072 FAI aFaizan Bin Fakhar 0aCentral Scheduling System (code book) aKarachi:bUIT,c2008 aComputer Science aBachelor of Computer Science (BS)